Départements français aux communes les moins larges en moyenne - Statistiques

Statistiques générales
  • Ce quiz a été pris 14 fois
  • Le résultat moyen est 11 sur 14
Statistiques - réponses
Superficie moyenne
(en km²)
Département % Correct
5,97 Seine-Saint-Denis
93%
6,03 Territoire de Belfort
93%
6,81 Val-d'Oise
93%
4,88 Hauts-de-Seine
86%
8,88 Nord
86%
8,82 Yvelines
86%
7,52 Pas-de-Calais
79%
8,00 Somme
79%
5,21 Val-de-Marne
79%
9,24 Aisne
71%
8,62 Oise
71%
8,88 Seine-Maritime
57%
8,88 Meurthe-et-Moselle
50%
8,57 Moselle
50%
Aucun quiz correspondant
Distribution des résultats
% des personnes avec chaque résultat
Percentile par nombre de réponses
Votre historique - résultats
Vous n’avez pas pris ce quiz